Parle à ma Main-Paroles-Fatal Bazooka ft. Yelle - Statistiques

Statistiques générales
  • Ce quiz a été pris 503 fois
  • Le résultat moyen est 310 sur 492
Statistiques - réponses
Paroles % Correct
Refrain Refrain
100%
à
99%
ma
99%
Yelle (Ma
99%
main !
98%
main
98%
Christelle-Yelle Parle
98%
parle
98%
Christelle-Yelle Parle,
98%
parle,
98%
pas
98%
pas,
98%
"Pas
98%
va
97%
de
96%
le
96%
me
96%
Refrain Tu
96%
tu
96%
Christelle | Yelle (Tu
96%
Mec "Hey
95%
des
94%
des-
94%
dire !
94%
dire
94%
on
94%
On
94%
P.I. :
94%
trop
94%
trop !
94%
ça
93%
"ça
93%
fais
91%
Christelle
91%
pitié,
91%
putes
91%
Christelle | Yelle Salut
91%
Si
91%
Yelle !
91%
Christelle !
90%
veut
90%
Yelle C'est
89%
c'est
89%
Yelle (C'est
89%
Christelle (c'est
89%
compris
89%
franges
89%
leur
89%
Christelle Et
88%
et
88%
vas-y
88%
t'as
86%
Yelle (T'as
86%
il
84%
Christelle Il
84%
la
84%
Christelle La
84%
clair !
83%
clair !)
83%
Hein
81%
hein
81%
Yelle (Hein
81%
hein)
81%
"non
81%
un
80%
UN
80%
mes
79%
Mes
79%
je
78%
mec
78%
merci"
78%
dans
77%
son
77%
Christelle Ouais
76%
ouais ?)
76%
Christelle (Ouais !)
76%
Christelle Avec
74%
avec
74%
mat' !
74%
mon
74%
n'est
73%
qui
73%
t'es
73%
une
73%
bon,
72%
bon
72%
Christelle Les
72%
les
72%
nous
72%
glace
71%
ils
71%
Christelle Ils
71%
menthe ?"
71%
string
71%
Intéressée"
70%
bien
69%
cul
69%
j'te
69%
Mademoiselle,
69%
bonne,
68%
Bonne
68%
dépasse
68%
en
68%
lu
68%
Yelle Okay !
68%
rue
68%
que
67%
AAAH
66%
donc
66%
sont
66%
sont,
66%
t'existes
66%
charmante,
65%
J't'écoute
64%
mecs
64%
mecs,
64%
tous
64%
Yelle (Ah
63%
mate
63%
"oublie-moi"
63%
taille
63%
basse
62%
nuls !
62%
nuls,
62%
j'ai
61%
juste
60%
Lacoste :
60%
mais
60%
Mais
60%
qu'à
60%
j'suis
59%
survêt'
59%
Yelle (Oh
58%
rembourré
58%
j'me
57%
boule,
56%
Christelle Derrière
56%
gars,
56%
moule
55%
m'soûles
55%
pauvre
55%
soutif
55%
déhanche
53%
m'accoste,
53%
du
52%
parents
52%
Grâce
51%
mettre
51%
Moi,
51%
moi,
51%
moi
51%
pensent
51%
Christelle Bref,
50%
normal
50%
t'dirait
50%
veulent
50%
veulent,
50%
95B !
49%
déjà
49%
pour
49%
ans
48%
biatches,
48%
16
47%
ai
47%
divorcer !
47%
même
47%
j'fais
45%
deux
44%
DEUX
44%
Yelle (Pia
44%
pia
44%
pia)
44%
relou)
44%
au
42%
Yelle Heu...
42%
fume
41%
heures
41%
vie,
41%
Etam,
40%
scooter...
40%
faire
39%
vraiment
39%
boite
38%
chier,
38%
d'être
38%
Christelle J'en
38%
marre,
38%
rentre
38%
aussi
37%
fuguer
37%
"Miss
37%
Vitaa !
37%
raison !)
36%
continue,
35%
Sixty"
35%
bouquet
34%
j'vais
33%
j'l'ai
32%
jure
32%
mystère
32%
Yelle Alors
31%
besoin
31%
d'amis !
30%
dégueu !)
30%
d'un
30%
liste
30%
père !
30%
comprennent
29%
"F.B.I" :
29%
font
29%
l'disque
29%
t'acheter
29%
"Fausse
28%
Idee"...
28%
tromper,
27%
Christelle T'sais
27%
kilo
26%
seul
26%
TROIS
26%
Girl...
25%
pourquoi ?)
25%
chérie...)
24%
chérie !
24%
craint"...
24%
opé
24%
Power !
23%
survivre
23%
m'étonnes)
22%
m'lâches ?
22%
m'lâches
22%
qu'pour
22%
t'prends ?!
22%
t'prends ?
22%
(Méél !)
21%
pineco,
20%
Yelle (Bah
19%
"ç.c" :
19%
partie !
19%
t'arrêtes ?!
18%
n'a
17%
Yelle Rien
17%
rien !
17%
chien,
15%
Arrête
14%
comme
14%
okay,
14%
Christelle (Okay
14%
puis
14%
texto
14%
dégage
13%
"O.M.O" !
13%
Refrain Refrain
13%
concert !
12%
flippes
12%
gère
12%
homo !
12%
Christelle Hum
12%
hum,
12%
sert
10%
Aïe
9%
lâche
9%
m'emmènes
9%
payes,
9%
boules !)
8%
m'suivre
8%
t'note
8%
ferme-la
7%
Christelle Han
7%
han,
7%
m'parles
7%
m'vénères,
7%
commande,
6%
couche,
6%
numéro)
6%
s'l'envoie
6%
ton
6%
gueule !
5%
qu'quand
5%
118218)
4%
Mec (Aller
4%
baffe,
4%
notes ?)
4%
parc'qu'à
4%
d'venir
3%
exactement
3%
Christelle-Yelle Hahahaha
3%
Mad'moiselle,
3%
maint'nant
3%
d'accord
2%
gagné,
2%
balance
0%
Aucun quiz correspondant
Distribution des résultats
% des personnes avec chaque résultat
Percentile par nombre de réponses
Votre historique - résultats
Vous n’avez pas pris ce quiz